000
00313nam a22001337a 4500
008
170526b xxu||||| |||| 00| 0 eng d
020
_a
9783540530367
041
_a
ger
080
_a
007.52
100
_a
25
101
_a
IM
245
_a
INFORMATIONS-VERARVEITUNG IN DER ROBOTIK
_c
DILLMANN,R
942
_2
udc
_c
BK
999
_c
14571
_d
14571